000 00502cam a2200193 4500
001 B3028
008 090401t1989 xxu||||| |||| 00| 0 eng d
035 _a(Sirsi) u53628
041 _aeng
050 _a333.3370942142
110 _aDebenham Tewson and Chinnocks
_93135
245 _aHolborn office market. - Autumn 1989
260 _aLondon
_bDebenham Tewson and Chinnocks
_c1989
300 _a(4)p. : ill.,map ; 30cm.
350 _a10
650 _aOFFICES
942 _n0
948 _c04/03/1997
999 _c93312
_d93312